[Event "LSS No Engine Cup 02 Preliminary 3"]
[Site "LSS email"]
[Date "2009.07.02"]
[Round "?"]
[White "Revilla, Javier"]
[Black "Slavin, Pablo"]
[Result "0-1"]
[WhiteElo "721"]
[BlackElo "1117"]
[PlyCount "28"]
[EventDate "2009.07.03"]
[EventType "tourn (corr)"]
[EventRounds "6"]
[EventCountry "GER"]
[SourceTitle "Corr 2015"]
[Source "ChessBase"]
[SourceDate "2015.07.17"]
[SourceVersion "1"]
[SourceVersionDate "2015.07.17"]
[SourceQuality "1"]

1. e4 e5 2. Nf3 Nc6 3. d4 exd4 4. Nxd4 Nf6 5. Nc3 Bc5 6. Nxc6 dxc6 7. Qxd8+ Kxd8 8. Bg5 Be7 9. 0-0-0+ Ke8 10. e5 Ng4 11. Bxe7 Kxe7 12. Rd2 Be6 13. Be2 Nxe5 14. Rhd1 f6 0-1

[Event "LSS SN-2009-0-00155"]
[Site "LSS email"]
[Date "2009.05.25"]
[Round "?"]
[White "Revilla, Javier"]
[Black "Willoughby, Peter"]
[Result "1/2-1/2"]
[WhiteElo "824"]
[BlackElo "710"]
[PlyCount "52"]
[EventDate "2009.04.28"]
[EventType "tourn (corr)"]
[EventRounds "6"]
[EventCountry "GER"]
[SourceTitle "Corr 2011"]
[Source "ChessBase"]
[SourceDate "2010.08.31"]
[SourceVersion "1"]
[SourceVersionDate "2010.08.31"]
[SourceQuality "1"]

1. e4 e5 2. Nf3 Nc6 3. Bb5 a6 4. Bxc6 dxc6 5. 0-0 f6 6. d4 Bg4 7. dxe5 fxe5 8. Qxd8+ Rxd8 9. Nxe5 Nf6 10. Nxg4 Nxg4 11. Nc3 Bb4 12. Ne2 0-0 13. Bg5 Rde8 14. c3 Bc5 15. h3 Nxf2 16. Kh2 Nxe4 17. Rxf8+ Bxf8 18. Bf4 Nd6 19. Nd4 Re4 20. Rf1 Nc4 21. Bxc7 Bd6+ 22. Bxd6 Nxd6 23. Rf2 c5 24. Nf5 Nxf5 25. Rxf5 c4 26. Rf2 Re6 1/2-1/2

[Event "LSS SN-2009-0-00155"]
[Site "LSS email"]
[Date "2009.05.23"]
[Round "?"]
[White "Revilla, Javier"]
[Black "Shleb, Alex"]
[Result "0-1"]
[WhiteElo "824"]
[BlackElo "1321"]
[PlyCount "58"]
[EventDate "2009.04.28"]
[EventType "tourn (corr)"]
[EventRounds "6"]
[EventCountry "GER"]
[SourceTitle "Corr 2011"]
[Source "ChessBase"]
[SourceDate "2010.08.31"]
[SourceVersion "1"]
[SourceVersionDate "2010.08.31"]
[SourceQuality "1"]

1. e4 e5 2. Nf3 Nf6 3. Nc3 Nc6 4. Bb5 Nd4 5. Nxd4 exd4 6. e5 dxc3 7. exf6 cxd2+ 8. Qxd2 Qxf6 9. 0-0 c6 10. Re1+ Be7 11. Ba4 0-0 12. c3 d5 13. Bc2 Bc5 14. Qf4 Qxf4 15. Bxf4 Bd7 16. b4 Bb6 17. Re7 Rad8 18. Rae1 Rfe8 19. a4 Rxe7 20. Rxe7 Re8 21. Rxe8+ Bxe8 22. a5 Bd8 23. Be3 b6 24. a6 Bf6 25. Kf1 Bxc3 26. Bxb6 c5 27. bxc5 axb6 28. cxb6 Bb5+ 29. Kg1 Bxa6 0-1

[Event "LSS SN-2009-0-00154"]
[Site "LSS email"]
[Date "2009.05.13"]
[Round "?"]
[White "Checa, Nicholas de T"]
[Black "Revilla, Javier"]
[Result "1-0"]
[WhiteElo "848"]
[BlackElo "824"]
[PlyCount "21"]
[EventDate "2009.04.26"]
[EventType "tourn (corr)"]
[EventRounds "6"]
[EventCountry "GER"]
[SourceTitle "Corr 2013"]
[Source "ChessBase"]
[SourceDate "2012.11.12"]
[SourceVersion "1"]
[SourceVersionDate "2012.11.12"]
[SourceQuality "1"]
[WhiteTeam "US of America"]
[BlackTeam "US of America"]
[WhiteTeamCountry "USA"]
[BlackTeamCountry "USA"]

1. e4 e6 2. d4 d5 3. Nc3 Bb4 4. Bd3 Nf6 5. e5 Nfd7 6. Bd2 c5 7. dxc5 0-0 8. Nce2 Bxc5 9. Nf3 Nc6 10. Bb5 Ncxe5 11. 0-0 1-0

[Event "LSS SN-2009-0-00154"]
[Site "LSS email"]
[Date "2009.05.13"]
[Round "?"]
[White "Cser, Andras"]
[Black "Revilla, Javier"]
[Result "1-0"]
[WhiteElo "684"]
[BlackElo "824"]
[PlyCount "59"]
[EventDate "2009.04.26"]
[EventType "tourn (corr)"]
[EventRounds "6"]
[EventCountry "GER"]
[SourceTitle "Corr 2011"]
[Source "ChessBase"]
[SourceDate "2010.08.31"]
[SourceVersion "1"]
[SourceVersionDate "2010.08.31"]
[SourceQuality "1"]

1. e4 e6 2. d4 d5 3. e5 c5 4. c3 Qb6 5. Nf3 Nc6 6. Bd3 Nh6 7. Qe2 cxd4 8. cxd4 Nxd4 9. Nxd4 Qxd4 10. Bb5+ Bd7 11. Bxd7+ Kxd7 12. 0-0 Rc8 13. Bxh6 gxh6 14. Nc3 Rg8 15. Qb5+ Kc7 16. Rac1 Kb8 17. Rfe1 Bc5 18. Qe2 Rg7 19. Red1 Qh4 20. g3 Rxg3+ 21. hxg3 Qxg3+ 22. Kf1 Qh3+ 23. Ke1 d4 24. Ne4 Qh1+ 25. Kd2 Bb4+ 26. Nc3 dxc3+ 27. bxc3 Qd5+ 28. Qd3 Qxa2+ 29. Ke3 Bc5+ 30. Ke4 1-0

[Event "LSS OP-2009-0-00822"]
[Site "LSS email"]
[Date "2009.04.22"]
[Round "?"]
[White "Korystin, Pavel"]
[Black "Revilla, Javier"]
[Result "1-0"]
[WhiteElo "824"]
[BlackElo "824"]
[PlyCount "117"]
[EventDate "2009.04.18"]
[EventType "tourn (corr)"]
[EventRounds "4"]
[EventCountry "GER"]
[SourceTitle "Corr 2011"]
[Source "ChessBase"]
[SourceDate "2010.08.31"]
[SourceVersion "1"]
[SourceVersionDate "2010.08.31"]
[SourceQuality "1"]

1. e4 e5 2. d3 Nf6 3. c3 d5 4. d4 Nxe4 5. Qa4+ Bd7 6. Bb5 a6 7. Bxd7+ Qxd7 8. Qxd7+ Nxd7 9. dxe5 Nxe5 10. Nh3 Nd3+ 11. Ke2 Ndc5 12. Bf4 c6 13. Re1 Bd6 14. Bxd6 Nxd6 15. Kf1+ Kd7 16. b4 Nd3 17. Re3 Nb2 18. a4 Rae8 19. Rg3 g6 20. Nd2 Ne4 21. Nxe4 dxe4 22. b5 axb5 23. axb5 Ra8 24. bxc6+ Kxc6 25. Rb1 Nc4 26. Rd1 f5 27. Nf4 Ra2 28. Nd5 Rd2 29. Nb4+ Kc5 30. Rxd2 Nxd2+ 31. Ke1 Rd8 32. Rh3 Rd7 33. Nc2 Kc4 34. Na3+ Kc5 35. f3 exf3 36. gxf3 Nc4 37. Nc2 Re7+ 38. Kf2 b5 39. f4 Nd2 40. Rd3 Ne4+ 41. Kf3 Kc4 42. Re3 Nd2+ 43. Ke2 Rxe3+ 44. Nxe3+ Kxc3 45. Nd1+ Kc2 46. Ne3+ Kc1 47. Nd5 Nb1 48. Kd3 Na3 49. Kc3 Nc2 50. Nb4 Nxb4 51. Kxb4 Kd2 52. Kxb5 Ke3 53. Kc5 Kxf4 54. Kd5 Ke3 55. Ke5 f4 56. h4 f3 57. Kf6 f2 58. Kg7 f1Q 59. Kxh7 1-0

[Event "LSS BI-2009-P-00007"]
[Site "LSS email"]
[Date "2009.04.19"]
[Round "?"]
[White "Perevozchikov, Viacheslav"]
[Black "Revilla, Javier"]
[Result "1-0"]
[WhiteElo "1794"]
[BlackElo "824"]
[PlyCount "57"]
[EventDate "2009.04.20"]
[EventType "tourn (corr)"]
[EventRounds "10"]
[EventCountry "GER"]
[SourceTitle "Corr 2011"]
[Source "ChessBase"]
[SourceDate "2010.08.31"]
[SourceVersion "1"]
[SourceVersionDate "2010.08.31"]
[SourceQuality "1"]

1. e4 e5 2. Nf3 Nc6 3. Bc4 Be7 4. d3 Nf6 5. 0-0 0-0 6. Re1 b5 7. Bxb5 Bb7 8. Bxc6 Bxc6 9. Nxe5 Bb7 10. Nc3 d5 11. exd5 Nxd5 12. Qg4 Nf6 13. Qg3 Nh5 14. Qh3 Nf6 15. Bf4 Qd4 16. Nc4 Qxf4 17. Rxe7 Ng4 18. Qg3 Qxg3 19. hxg3 Rac8 20. Nb5 Rfe8 21. Rae1 Kf8 22. Rxe8+ Rxe8 23. Rxe8+ Kxe8 24. Nxc7+ Kd7 25. Nb5 a6 26. Nc3 g6 27. Ne4 f6 28. Nc5+ Kc6 29. Nxb7 1-0

[Event "LSS BI-2009-P-00007"]
[Site "LSS email"]
[Date "2009.04.19"]
[Round "?"]
[White "Revilla, Javier"]
[Black "Klimakovs, Sergejs"]
[Result "0-1"]
[WhiteElo "824"]
[BlackElo "2208"]
[PlyCount "40"]
[EventDate "2009.04.20"]
[EventType "tourn (corr)"]
[EventRounds "10"]
[EventCountry "GER"]
[SourceTitle "Corr 2011"]
[Source "ChessBase"]
[SourceDate "2010.08.31"]
[SourceVersion "1"]
[SourceVersionDate "2010.08.31"]
[SourceQuality "1"]

1. d4 Nf6 2. Nf3 g6 3. Bg5 Bg7 4. e3 d5 5. Bd3 0-0 6. Nbd2 Nbd7 7. 0-0 h6 8. Bh4 c5 9. c3 Re8 10. Ne5 Nxe5 11. dxe5 Ng4 12. f4 c4 13. Be2 Nxe3 14. Qe1 Nxf1 15. Qxf1 Qb6+ 16. Kh1 Qxb2 17. Nf3 Qxc3 18. a4 Qe3 19. Ne1 Bf5 20. a5 b5 0-1

[Event "LSS OP-2009-0-00785"]
[Site "LSS email"]
[Date "2009.03.11"]
[Round "?"]
[White "Revilla, Javier"]
[Black "Obukhov, Gennady Nikolaevich"]
[Result "0-1"]
[WhiteElo "1020"]
[BlackElo "2412"]
[PlyCount "70"]
[EventDate "2009.03.07"]
[EventType "tourn (corr)"]
[EventRounds "4"]
[EventCountry "GER"]
[SourceTitle "Corr 2011"]
[Source "ChessBase"]
[SourceDate "2010.08.31"]
[SourceVersion "1"]
[SourceVersionDate "2010.08.31"]
[SourceQuality "1"]

1. e4 d5 2. exd5 Nf6 3. d4 Bg4 4. f3 Bf5 5. Bb5+ c6 6. dxc6 Nxc6 7. Ne2 e6 8. 0-0 Bd6 9. Bg5 0-0 10. c3 Qc7 11. Kh1 Nd5 12. Nd2 h6 13. Bh4 Ne3 14. Qc1 Nxf1 15. Qxf1 a6 16. Ba4 Bd3 17. Ne4 Bxh2 18. Rd1 Bxe2 19. Qxe2 Bf4 20. Bc2 Ne7 21. Qd3 g6 22. Nf6+ Kh8 23. Nh5 Nf5 24. Bf6+ Kg8 25. Nxf4 Qxf4 26. Be5 Qg5 27. Qd2 Ne3 28. Ra1 f6 29. Bh2 Nxc2 30. Qxc2 Qf5 31. Qe2 Kg7 32. Re1 Rad8 33. Qxe6 Rfe8 34. Qxe8 Rxe8 35. Rxe8 Qb1+ 0-1